Statistics for PGA TOUR QUIZ

Click here to take the quiz!

General Stats

  • This quiz has been taken 183 times
  • The average score is 9 of 11

Answer Stats

StatisticGolfer% Correct
15 major championship winsTiger Woods
100%
Is the only player to hold all 4 majors at onceTiger Woods
100%
6 Masters winsJack Nicklaus
88%
Has a drink named after himArnold Palmer
87%
Had 5 wins in 2015Jordan Spieth
87%
Known for his excellent short-game skillsPhil Mickelson
79%
Needs a Masters victory to claim the Grand SlamRory McIlroy
79%
Won back-to-back US OpensBrooks Koepka
74%
Won the PGA Championship at Quail HollowJustin Thomas
66%
Won his first major at the 2017 MastersSergio Garcia
62%
The first year the Masters was played1934
52%

Score Distribution

Percentile by Number Answered

Percent of People with Each Score

Your Score History

You have not taken this quiz